Religion par texte sacrée - Statistiques

Statistiques générales
  • Ce quiz a été pris 72 fois
  • Le résultat moyen est 4 sur 10
Statistiques - réponses
Nom du texte Religions % Correct
Coran Islam
100%
Torah judaïsme
95%
Évangile christianisme
85%
Véda hindouisme
48%
Tripitaka bouddhisme
32%
Dao de jing taoïsme
27%
Guru Granth Sahib / Adi Granth sikhisme
20%
Avesta zoroastrisme
18%
Kitab-i-Aqdas bahaïsme
6%
Edda poétique mythologie nordique
3%
Aucun quiz correspondant
Distribution des résultats
% des personnes avec chaque résultat
Percentile par nombre de réponses
Votre historique - résultats
Vous n’avez pas pris ce quiz